000 00405nam a22001457a 4500
003 OSt
005 20240723113757.0
008 240723b |||||||| |||| 00| 0 eng d
040 _aMUST
_cMUST
100 _aJohn C. Kabagambe...[et al]
_918954
245 _aRural Development in Eastern and Southern Africa
_cJohn C. Kabagambe
300 _a383p.
_bill.
_c28cm.
650 _2Development
942 _2ddc
_cO_SHELF
999 _c9271
_d9271